000 01437cam a22004094i 4500
003 PE-LiUPU
005 20250731184058.0
008 150623s r 000 0 d
020 _a0800626257
035 _a(Sirsi) i9780800626259
040 _aPE-LiUPU
_bspa
_cPE-LiUPU
_erda
049 _aPRUA
082 0 4 _a892.41109
_bP484i
_223
100 1 _aPetersen, David L.,
_eautor.
245 1 0 _aInterpreting Hebrew poetry /
_cpor David L. Petersen y Kent Harold Richards.
264 1 _aMinneapolis :
_bFortress Press,
_c1992.
300 _a117 páginas ;
_c21.5 centímetros.
336 _atext
_2rdacontent
337 _aunmediated
_2rdamedia
338 _avolume
_2rdacarrier
490 0 _a(Guides Biblical Scholarship. Old Testament Series)
504 _aIncluye bibliografía.
505 0 _aUnderstanding Hebrew poetry. -Parallelism. -Meter and Rhythm. -Poetic style. -Poetic analysis.
526 _aP145
526 _aP127
526 _aP97
526 _aP14
526 _aP07
630 1 4 _aBiblia.
_pA.T.
_xLenguaje, estilo.
650 1 4 _aHebreo
_xParalelismo.
650 2 4 _aPoesía hebrea
_xHistoria y crítica.
700 1 _aRichards, Kent Harold,
_d1939-,
_eautor.
942 _2ddc
_cBK
_n0
949 _a892.411 09 P47
_wDEWEY
_c1
_i44867
_lCCODEBUL1
_mBUL
_r0
_sY
_tBOOK
_u2015-6-24
_xTEOLOGIA
_0COMPRA
_o.STAFF. Colección General
980 _81
_gALBERTO SANCHEZ Responsable de Automatización
999 _c21742
_d21742